Comparative Analysis of Techniques for Bug Detection in Software Traceability ( Thesis MS) (Record no. 69077)

MARC details
000 -LEADER
fixed length control field 00422nam a22001217a 4500
100 ## - MAIN ENTRY--AUTHOR NAME
Personal name Shahzoor Ali Brohi
-- 21-19MSIT-07
-- Supervisor - Dr. Mehwish Leghari
245 ## - TITLE STATEMENT
Title Comparative Analysis of Techniques for Bug Detection in Software Traceability ( Thesis MS)
260 ## - PUBLICATION, DISTRIBUTION, ETC. (IMPRINT)
Place of publication Nawabshah
Name of publisher QUEST
Year of publication 2024
300 ## - PHYSICAL DESCRIPTION
Number of Pages 80p.
700 ## - ADDED ENTRY--PERSONAL NAME
Personal name Department of Information Technology
942 ## - ADDED ENTRY ELEMENTS (KOHA)
Koha item type Thesis and Dissertation
Holdings
Withdrawn status Lost status Home library Current library Date acquired Accession Number Koha item type
    Research Section Research Section 29/06/2026 MP/99-1448 Thesis and Dissertation
    Research Section Research Section 29/06/2026 MP/99-1449 Thesis and Dissertation